Countries With The First Letter Missing - Statistics

General Stats
  • This quiz has been taken 65 times
  • The average score is 20 of 20
Answer Stats
Country Missing Letter % Correct
anada C
100%
uriname S
100%
udan S
100%
kraine U
100%
rmenia A
98%
runei B
98%
enmark D
98%
ran I
98%
celand I
98%
amaica J
98%
alawi M
98%
ali M
98%
onaco M
98%
unisia T
98%
thiopia E
96%
abon G
96%
uyana G
96%
amibia N
96%
pain S
96%
enegal S
96%
No matching quizzes found
Score Distribution
Percent of People with Each Score
Percentile by Number Answered
Your Score History
You have not taken this quiz